000 00565cam a2200193u 4500
001 8449538
003 ARRUPE
005 20170111102459.0
008 821214s1960 gw 000 0 ger
010 _a 63058047
040 _aDLC
_cCarP
_dDLC
050 0 0 _aPT2468.D7
100 1 _aSchiller, Friedrich,
_d1759-1805.
_928212
245 1 0 _aDon Carlos,
_bdramatisches gedicht
_cby Schiller, Friedrich
260 _aStuttgart
_bPhilipp Reclam Jun
_c1960
300 _a200p.
_c16cm.
906 _a0
_bcbc
_cpremunv
_du
_encip
_f19
_gy-gencatlg
942 _2lcc
_cMONOGRAPH
999 _c125929
_d125929